| 000 | 02141namaa2200409uu 4500 | ||
|---|---|---|---|
| 001 | doab68186 | ||
| 003 | oapen | ||
| 005 | 20260305123949.0 | ||
| 006 | m o d | ||
| 007 | cr|mn|---annan | ||
| 008 | 210427s2019 xx |||||o ||| 0|eng d | ||
| 020 | _a9780198796558 | ||
| 040 |
_aoapen _coapen |
||
| 041 | 0 | _aeng | |
| 042 | _adc | ||
| 072 | 7 |
_aMB _2bicssc |
|
| 720 | 1 |
_aDe Campos, Thana _4edt |
|
| 245 | 0 | 0 | _aPhilosophical Foundations of Medical Law |
| 260 |
_aOxford _bOxford University Press _c2019 |
||
| 300 | _a1 online resource | ||
| 336 |
_atext _btxt _2rdacontent |
||
| 337 |
_acomputer _bc _2rdamedia |
||
| 338 |
_aonline resource _bcr _2rdacarrier |
||
| 506 | 0 |
_aFree-to-read _fUnrestricted online access _2star |
|
| 520 | _aWith advances in personalised medicine, the field of medical law is being challenged and transformed. The nature of the doctor-patient relationship is shifting as patients simultaneously become consumers. The regulation of emerging technologies is being thrown into question, and we face new challenges in the context of global pandemics. This volume identifies significant questions and issues underlying the philosophy of medical law. It brings together leading philosophers, legal theorists, and medical specialists to discuss these questions in two parts. The first part deals with key foundational theories, and the second addresses a variety of topical issues, including euthanasia, abortion, and medical privacy. The wide range of perspectives and topics on offer provide a vital introduction to the philosophical underpinnings of medical law. | ||
| 540 |
_aAll rights reserved _uhttp://oapen.org/content/about-rights |
||
| 546 | _aEnglish | ||
| 650 | 7 |
_aMedicine: general issues _2bicssc |
|
| 653 | _aphilosophy; medical law | ||
| 720 | 1 |
_aDe Campos, Thana _4oth |
|
| 720 | 1 |
_aHerring, Jonathan _4edt |
|
| 720 | 1 |
_aHerring, Jonathan _4oth |
|
| 720 | 1 |
_aPhillips, Andelka M _4edt |
|
| 720 | 1 |
_aPhillips, Andelka M _4oth |
|
| 793 | 0 | _aDOAB Library. | |
| 856 | 4 | 0 |
_uhttps://directory.doabooks.org/handle/20.500.12854/68186 _70 _zFree-to-read: DOAB: description of the publication |
| 999 |
_c92956 _d92956 |
||